00536nam a2200157 a 450000100100000000500170001000800410002704000250006810000300009324500640012326000330018730000270022004900090024795201050025699900170036100003425920200930070919.0110929s20uu pr 000 0 spa d aDO-SdBNPbspacBNPHU1 aLama C., Carlos E.95967610aManual práctico de la cocina peruana /cCarlos E. Lama C. a[Perú] :b[s.n.].,c200?]. a87 p. :bil. ;c23 cm. aBNPD 001050718MOaGRbGRcHDd2011-09-29iLF1l0o p34259-10r2020-06-25w2020-06-25y1ZNo se presta c33750d33750